| 000 | 00880nam a22002537a 4500 | ||
|---|---|---|---|
| 999 |
_c7815 _d7815 |
||
| 003 | AR-CdUCM | ||
| 008 | 190321b ||||| |||| 00| 0 spa d | ||
| 020 | _a84-7102-978-2 | ||
| 040 |
_aMUNICIPALIDAD PROVINCIAL DEL CUSCO _cBIBLIOTECA MUNICIPAL DEL CUSCO |
||
| 082 |
_a616.25 / _bH54 |
||
| 100 |
_aHill, Gardiner _922090 |
||
| 245 | _aCompendio de Urgencias en Medicina / | ||
| 260 |
_aBarcelona : _bMarin, _c1976. |
||
| 300 |
_aXV, 478 paginas ; _c20 cm. |
||
| 500 | _aRedactado por 22 especialistas para el medico practico | ||
| 505 | _aContenido: urgencias en pediatria -- abdominales -- torax -- urgencias cardiocirculatorios -- neurologicas... | ||
| 650 |
_aUrgencias _922091 |
||
| 650 |
_aMedicina Humana _922092 |
||
| 650 |
_aNegligencias _97323 |
||
| 650 |
_aProfesionales _922093 |
||
| 700 |
_aSumoy Sentis, juan _922094 |
||
| 942 |
_2ddc _cLIBROS |
||
| 945 | _apjha | ||